[Event "Capablanca Memorial Elite 40th"]
[Site "Havana"]
[Date "2005.05.14"]
[Round "9"]
[White "Dominguez Perez, Leinier"]
[Black "Bruzon Batista, Lazaro"]
[Result "1-0"]
[WhiteElo "2658"]
[BlackElo "2669"]
[Annotator "Huzman,A"]
[PlyCount "181"]
[EventDate "2005.05.06"]
[EventType "tourn"]
[EventRounds "14"]
[EventCountry "CUB"]
[EventCategory "15"]
[SourceTitle "CBM 107"]
[Source "ChessBase"]
[SourceDate "2005.08.01"]
[SourceVersion "1"]
[SourceVersionDate "2005.08.01"]
[SourceQuality "1"]

1. e4 e5 2. Nf3 Nf6 3. Nxe5 d6 4. Nf3 Nxe4 5. d4 d5 6. Bd3 Be7 7. O-O Nc6 8. c4
Nb4 9. Re1 Nxd3 10. Qxd3 Bf5 (10... c6 11. cxd5 cxd5 12. Qb5+ Qd7 13. Qb3 O-O
14. Nc3 (14. Nbd2 Bf6 $1 (14... b6 15. Ne5 Qb7 16. Nxe4 dxe4 17. d5 Bf5 18. Bf4
Bd6 $11 {1/2-1/2 Jovanovic,Z-Jovanic,O/Bosnjaci CRO 2005/(25)}) 15. Nxe4 dxe4
16. Rxe4 Qf5 $1 17. Rf4 Qh5 18. Be3 b6 19. Ne5 {1/2-1/2 Ponomariov,R-Motylev,A/
Ohrid 2001/CBM 84/[Huzman] (19)}) (14. Ne5 Qd8 15. f3 Nd6 $1 $11 {Anand,
V-Kramnik,V/Linares 75/(284) 1999/Inf 75 (15)}) (14. Bf4 b6 15. Ne5 Qb7 16. Nc3
Be6 17. a4 a6 $11 {0-1 Peng Xiaomin-Motylev,A/Shanghai 2001/CBM 85/[Huzman] 
(42)}) 14... Nxc3 15. bxc3 Rd8 (15... Bf6 16. Bg5 Bxg5 17. Nxg5 h6 18. Nf3 Qd6
19. Ne5 b6 20. Re3 Bf5 21. Rae1 Rac8 22. g4 Bh7 23. Nf3 Rc7 24. h3 Be4 25. Nd2
Bg6 26. Re5 $14 {1-0 Sadvakasov,D-Karpov,A/Astana KAZ 2004/(39)}) 16. Ba3 Bf6
17. Re3 Qc7 (17... Qc6 18. Be7 Re8 19. Rae1 Bxe7 20. Rxe7 Bd7 21. h3 f6 22. Qa3
a6 23. Nd2 Rxe7 24. Rxe7 Re8 25. Nf1 Rxe7 26. Qxe7 Qe6 27. Qd8+ Qe8 28. Qb6 Bc6
29. Ne3 $14 {1/2-1/2 Topalov,V-Kramnik,V/Las Vegas 1999/CBM 072 (50)}) 18. Qxd5
Be6 19. Qb5 Rac8 (19... h6 20. h3 Rac8 21. Qb2 b6 22. Rae1 Qc4 $44 {1/2-1/2
Topalov,V-Adams,M/Dortmund 82/(286) 2001 (25)}) 20. Rae1 h6 21. Qe2 b6 22. Rd1
Qc6 $44 {1/2-1/2 Leventic,I-Jovanic,O/Zagreb CRO 2004/(54)}) 11. Qb3 (11. cxd5
Qxd5 {This position arises from another order of moves and considers good for
Black.}) 11... dxc4 12. Qxb7 Nd6 13. Qc6+ (13. Qa6 O-O 14. Na3 Bf6 15. Bf4 Qc8
16. Qa4 Bd7 17. Qc2 Bf5 18. Qc1 Bd3 19. Ne5 $14 {1-0 Skripchenko,
A-Khachatorian,Y/Dubai 2003/CBM 93 ext (38)}) 13... Bd7 14. Qc5 O-O 15. Nc3
$146 {[%cal Gc3d5][%mdl 8] This move seems like strong improvement.Penetration
Nc3 to d5 will give advantage to White.} (15. Ne5 Nf5 16. Qd5 Be6 17. Qxd8 Bxd8
18. Be3 Bf6 19. Nd2 c5 20. Nexc4 Nxe3 21. Nxe3 Bxd4 $17 {1/2-1/2 Biro,
A-Voiteanu,G/Eforie Nord 1998/EXT 2000 (29)}) 15... Re8 (15... Be6 16. Bg5 $1
Bxg5 17. Nxg5 Bf5 18. Nf3 Rb8 19. b4 $1 cxb3 20. axb3 a5 (20... Rxb3 21. Rxa7
$16) 21. Nd2 $1 (21. Rxa5 Bg4 $1) 21... Qg5 22. Re3 Rfe8 23. Nf3 Qg6 24. Ne5
$16) 16. Nd5 Bf8 (16... Ne4 17. Nxe7+ Rxe7 18. Qxc4 $16) 17. Bg5 Qc8 (17... f6
18. Bf4 $16) (17... Qb8 $5 18. Be7 $1 Qxb2 19. Rab1 $1 (19. Bxf8 Ne4 (19...
Rxf8 20. Qxc7 $18) (19... Rxe1+ 20. Rxe1 Rxf8 21. Qxc7 $18) 20. Qa3 (20. Qxc4
Kxf8 21. Nxc7 Rac8 $132) 20... c3 21. Qxb2 cxb2 22. Rab1 Kxf8 23. Rxb2 $14 (23.
Nxc7 Nc3 $11)) 19... Qxa2 20. Ra1 Qb2 21. Bxf8 Ne4 22. Qa3 c3 (22... Qxf2+ 23.
Kh1 $16) 23. Rxe4 Rxe4 24. Nxc3 $16) 18. Be7 (18. Rxe8 $1 Bxe8 (18... Nxe8 19.
Be7 $16) (18... Qxe8 19. Nxc7 $18) 19. Be7 $16) 18... Nb7 19. Qxc4 c6 20. Bxf8
Be6 21. Qd3 (21. Qa6 $5 Bxd5 22. Rxe8 Qxe8 23. Bxg7 Kxg7 24. Qxb7 Qd8 $1 (24...
Bxf3 25. gxf3 Rb8 26. Qxa7 Rxb2 27. Kh1 $16) 25. Ne5 Rb8 26. Qxa7 Qg5 27. g3
Rxb2 $44) 21... Bxd5 22. Bb4 $16 {As a result of the opening White have an
extra pawn without any compensation.} h6 (22... f6 23. Rxe8+ Qxe8 24. Re1 Qh5
25. Re7 $16) 23. Rxe8+ Qxe8 24. Re1 Qd8 25. Ne5 (25. b3 a5 26. Be7 Qc7 {
[%cal Ya5a4]}) 25... Qg5 26. Qg3 $2 {It will be very difficult to transfer an
exta pawn into full point in the endgame.} (26. f3 a5 27. Bd2 Qf6 28. Nc4 $16)
26... Qxg3 27. hxg3 Nd8 (27... a5 28. Ba3 (28. Bd2 a4 29. Rc1 Nd8 $14) (28. Bc3
a4 29. a3 $14) 28... a4 $14) 28. a3 Ne6 29. Bc3 Rc8 30. f3 f6 31. Nd3 Kf7 32.
Kf2 Bc4 33. Nb4 h5 (33... c5 $1 34. dxc5 a5 35. Nc2 Nxc5 $132 {[%cal Yc5d3,
Yc5a4]}) 34. Rd1 a5 35. d5 $1 cxd5 (35... axb4 36. dxe6+ Bxe6 37. Bxb4 c5 38.
Bc3 $16) 36. Nxd5 Rd8 37. Ne3 Rxd1 38. Nxd1 a4 39. Ne3 Ba6 40. Nf5 Bd3 41. Nd6+
Ke7 42. Nc8+ Kd8 43. Nb6 Bb5 44. Ba5 Ke7 45. Bb4+ Kd8 46. Nd5 Kd7 47. Nc3 Bc6
48. Ke3 Nc7 ({Plan of active defence gave Black good chances for a draw.} 48...
f5 $5 $132 {[%cal Yg7g5,Yg5g4,Yf5f4]} 49. Kd2 g5 50. Ke3 f4+ (50... g4 $5) 51.
gxf4 Nxf4 52. Kf2 Ke6 $14) 49. Ne4 Bb5 50. Nd2 Ke6 51. Bf8 g6 52. b3 axb3 53.
Nxb3 Bf1 54. Kf2 Bc4 55. Nd2 Bb5 56. Ne4 Nd5 57. Bb4 g5 58. Bd2 Ke5 59. Be3 Ke6
60. Bd2 Ke5 61. Bc3+ Ke6 62. Bd4 g4 $2 (62... Ke7 $142) 63. a4 $1 Bc4 64. a5 f5
65. Nc5+ Kd6 66. a6 Nc7 67. a7 $18 Bd5 68. Nd3 Ne6 69. Be5+ Kd7 70. Nb4 Ba8 71.
Nc2 Nc5 72. Ke3 Ne6 73. Kf2 Nc5 74. Ke2 Ke6 75. Bh8 Kf7 76. Nd4 gxf3+ 77. gxf3
f4 $6 78. gxf4 Ne6 79. f5 $1 Nf4+ 80. Ke3 Nd5+ 81. Kf2 h4 82. Be5 Ke7 83. Kg2
Ne3+ 84. Kh3 Nxf5 85. Nxf5+ Ke6 86. Nxh4 Kxe5 87. Kg4 Kd6 88. f4 Kc7 89. Ng6 $2
(89. f5 $1 Bd5 (89... Kb6 90. f6 Bd5 91. f7 $18) 90. Ng6 Kb7 91. Ne7 Bb3 92.
Nc6 $18) 89... Kb6 $2 (89... Be4 $1 90. Ne7 Kb7 $11) 90. f5 Kxa7 91. Ne7 1-0

[Event "Corus"]
[Site "Wijk aan Zee"]
[Date "2006.01.27"]
[Round "11"]
[White "Adams, Michael"]
[Black "Bacrot, Etienne"]
[Result "1/2-1/2"]
[WhiteElo "2707"]
[BlackElo "2717"]
[Annotator "Huzman,A"]
[PlyCount "77"]
[EventDate "2006.01.14"]
[EventType "tourn"]
[EventRounds "13"]
[EventCountry "NED"]
[EventCategory "19"]
[SourceTitle "CBM 111"]
[Source "ChessBase"]
[SourceDate "2006.04.04"]
[SourceVersion "1"]
[SourceVersionDate "2006.04.04"]
[SourceQuality "1"]

1. e4 e5 2. Nf3 Nf6 3. Nxe5 d6 4. Nf3 Nxe4 5. Nc3 Nxc3 6. dxc3 Be7 7. Be3 O-O
8. Qd2 Nc6 9. O-O-O Ne5 10. Kb1 b6 {Quite interesting. Black places his B on
the big diagonal and seems unperturbed by the prospect of the "f3" N coming to
"f5".} (10... Be6 11. Nd4 (11. Qe1 Nxf3 12. gxf3 Bf6 13. Bd3 Re8 14. Rg1 c5 15.
Qd2 Qa5 16. a3 d5 17. Bg5 $40 {1-0 Delgado,N-Sega,C/Dos Hermanas 2004/CBM 99
ext (33)}) 11... Bc4 (11... Nc4 12. Qd3 (12. Bxc4 Bxc4 13. h4 Qd7 14. b3 Ba6
15. g4 $36 {1/2-1/2 Tseshkovsky,V-Motylev,A/Moscow 2005/CBM 106/[Huzman] (32)})
12... Bd5 (12... Nxe3 13. Nxe6 fxe6 14. Qxe3 Rf6 15. Bd3 $36 {1-0 Kobalia,
M-Erashchenkov,D/playchess.com 2005/CT-1822 (49)}) 13. Bc1 Bf6 14. Qh3 Qc8 15.
Qg3 Ne5 16. Be2 Re8 17. h4 a6 18. f4 Nc6 19. Bg4 Qd8 20. Nf5 $36 {1-0 Kobalia,
M-Frolyanov,D/Warsaw POL 2005/(43)}) 12. f4 Bxf1 13. fxe5 Bc4 14. Qf2 f6 15.
exd6 Bxd6 16. b3 Bf7 17. Nf5 $16 {1-0 Ristic,N-Del Dotto,R/Porto San Giorgio
2001/EXT 2002 (28)}) (10... a6 11. Be2 (11. Ne1 c5 12. h3 Be6 13. f4 Qa5 14. a3
Nc4 15. Bxc4 Bxc4 16. f5 Rfe8 17. Nd3 Bf6 18. Bf4 d5 19. g4 d4 $132 {1-0
Korbut,E-Gaponenko,I/Biel SUI 2005/(56)}) (11. h4 Bg4 12. Be2 Qc8 13. h5 Re8
14. Rde1 Bf8 15. Rh4 Be7 16. Rhh1 Bf8 17. Rh4 Be7 {1/2-1/2 Inarkiev,E-Motylev,
A/Kazan RUS 2005/(17)}) 11... Be6 12. Nd4 Nc4 (12... Bc4 13. f4 Bxe2 14. Qxe2
Nc6 15. Nf5 g6 16. Nh6+ Kg7 17. f5 $16 {1-0 Naiditsch,A-Lahno,K/Wijk aan Zee
NED 2006/(33)}) 13. Qd3 Nxe3 14. Nxe6 fxe6 15. Qxe3 e5 16. Bd3 $36 {1-0 Anand,
V-Kramnik,V/Monte Carlo MNC 2005/(52)}) (10... Bf6 11. Nd4 Nc6 12. h3 (12. Be2
Nxd4 13. cxd4 d5 14. h4 Be7 15. h5 Kh8 16. g4 f6 17. Rdg1 Be6 18. Bd3 b6 19.
Bf5 Bg8 20. Rg2 c5 21. Rhg1 a5 22. c3 Ra7 23. Bc2 $14 {1-0 Wang Hao-Ye
Rongguang/Beijing CHN 2005/(47)}) 12... Nxd4 13. cxd4 Bf5 14. Bd3 Bxd3 15. Qxd3
Re8 16. Rhe1 Qd7 17. g4 g6 18. g5 Bg7 19. h4 Qg4 20. Rh1 Qe4 $11 {1/2-1/2
Naiditsch,A-Bacrot,E/Dortmund GER 2005/(23)}) (10... Re8 11. Nd4 a6 12. f4 Ng4
13. Bd3 d5 14. Rhe1 Bh4 15. g3 Nxe3 16. Rxe3 Rxe3 17. Qxe3 Bf6 18. Nf3 Qe7 19.
Qxe7 {1/2-1/2 Svidler,P-Anand,V/San Luis ARG 2005/(19)}) 11. Nd4 Bb7 12. h3 (
12. f4 Ng4 13. Bd3 Nxe3 14. Qxe3 Bf6 15. Qh3 g6 16. Rhe1 Re8 $11) 12... a6 13.
f4 Nd7 14. Nf5 Re8 {The f-pawn movement has weakened a couple of squares along
the e-file, and Black is ready to seize the opportunity.} 15. Rg1 (15. Bc4 Bf8
16. Rhe1 Nf6 $11) 15... Nc5 (15... Bf8 $5 16. g4 Nf6 17. Bd4 (17. Bg2 Ne4 18.
Qd3 Qd7 $11) 17... Ne4 $132) 16. Bxc5 bxc5 17. g4 Bf8 $11 18. Bc4 Qd7 19. Qf2
d5 20. Bxd5 ({Developing the kingside iniative was well worth considering} 20.
Qh4 $5 Rad8 (20... Qa4 21. b3 Qd7 22. Bd3 $36) 21. Bd3 g6 22. Nh6+ Bxh6 23.
Qxh6 $36) 20... Bxd5 21. c4 c6 22. cxd5 (22. Qd2 Rad8 23. cxd5 cxd5 24. c4 d4
$15) 22... cxd5 23. Ne3 d4 24. Nc4 $11 {[%csl Gc4] White neutralizes Black's
control over the e-file by his own "N vs B advantage".} Qb5 (24... Rab8 25.
Rge1 Qb5 26. Qf1 $11) 25. b3 Rab8 26. Kc1 Re4 27. Rge1 Rbe8 28. Rxe4 Rxe4 29.
Re1 Qe8 30. Kd1 f5 $1 {[%csl Rf4] Black freezes the f-pawn to make it an
easier prey in the endgame.} 31. Rxe4 $5 Qxe4 (31... fxe4 32. Qe2 Qe6 33. f5
Qc6 34. Na5 Qb5 35. Qc4+ Qxc4 36. Nxc4 g6 37. Nd2 gxf5 38. gxf5 e3 39. Ne4 $14)
32. Qe2 Qxe2+ 33. Kxe2 Kf7 34. Kf3 Ke6 35. gxf5+ Kxf5 36. a4 Be7 37. Nd2 g6 38.
Nf1 Bh4 39. Nd2 1/2-1/2

[Event "FIDE-Wch k.o."]
[Site "Moscow"]
[Date "2001.11.30"]
[Round "2.2"]
[White "Svidler, Peter"]
[Black "Sulskis, Sarunas"]
[Result "1-0"]
[WhiteElo "2686"]
[BlackElo "2571"]
[Annotator "Huzman,A"]
[PlyCount "87"]
[EventDate "2001.11.27"]
[EventType "k.o."]
[EventRounds "7"]
[EventCountry "RUS"]
[SourceTitle "CBM 086"]
[Source "ChessBase"]
[SourceDate "2002.02.05"]
[SourceVersion "1"]
[SourceVersionDate "2002.02.05"]
[SourceQuality "1"]

1. e4 e5 2. Nf3 Nf6 3. Nxe5 d6 4. Nf3 Nxe4 5. d4 d5 6. Bd3 Nc6 7. O-O Be7 8. c4
Nb4 9. Be2 O-O 10. Nc3 Be6 11. Nxe4 $5 dxe4 12. Ne1 {White wants to prove that
their pawn advantage on the Q's side is more important than black's on the K's
side.} Bf5 ({Another plan of defence connect with} 12... c6 13. Qd2 (13. Be3 f5
14. g3 Qd7 15. Ng2 Rad8 16. a3 Na6 17. Qc2 Nc7 18. Rac1 Bf6 19. Rfd1 Kh8 20.
Nf4 Bf7 21. d5 g5 22. d6 gxf4 23. dxc7 Qxc7 24. Bxf4 Qe7 $11 {0-1 Van Gool,
R-Schoeber,P/Venlo 1992 (34)}) 13... f5 14. f3 exf3 15. Nxf3 a5 16. a3 Na6 17.
b3 Bf6 18. Bb2 Nc5 19. Qc2 Ne4 20. Bd3 Qb6 21. Rae1 Rae8 22. Kh1 g6 $14 {
1/2-1/2 Schlosser,M-Duer,W/AUT-chT 1993/TD (50)}) 13. Be3 Bf6 14. Qd2 {White
are implementing a new plan,connected with d5,f4 and after ...ef3 Nf3 white'
pieces will be well placed.} (14. a3 Nc6 15. Nc2 a5 16. b3 Qe7 17. Qc1 Rfd8 18.
Rd1 Rd7 19. g4 Rad8 20. gxf5 Nxd4 21. Nxd4 Bxd4 22. Bxd4 Rxd4 23. Rxd4 Rxd4 24.
Qe3 Qe5 25. Re1 c5 26. Qg3 {1-0 Nagy,B-Molnar,L/Heves, Rainbow op 1997 (26)})
14... a5 (14... c5 15. d5 (15. dxc5 Qxd2 16. Bxd2 Na6 $11) 15... Qd6 16. Rd1
$14) 15. a3 Nc6 16. d5 Ne5 17. f4 $1 exf3 (17... Ng4 18. Bxg4 Bxg4 19. f5 (19.
Nc2 $1 Re8 20. Bd4 $16 {[%cal Gc2e3]}) 19... Qd7 20. Qf2 Qa4 $1 21. h3 Bd1 $13)
18. Nxf3 $14 {[%cal Gc4c5]} Nxf3+ (18... Be4 $1 19. Ng5 (19. Nxe5 Bxe5 20. Bd4
Bxd4+ 21. Qxd4 f5 $14)) 19. Bxf3 Re8 20. Bd4 $1 $16 Bxd4+ 21. Qxd4 Qe7 (21...
b6 22. d6 Ra7 23. c5 $16) 22. c5 Rad8 23. Rae1 Qd7 24. Rc1 Qe7 25. Rfe1 Qxe1+
26. Rxe1 Rxe1+ 27. Kf2 Rc1 (27... Re7 28. Qa4 b6 (28... Ra8 29. Qb5 $16) 29. d6
$1 cxd6 30. cxb6 $16) (27... Rde8 28. Qa4 b6 29. d6 cxd6 30. cxb6 $16) 28. Qe5
$18 Rc2+ 29. Ke3 g6 30. g4 Bc8 31. Qxc7 $6 (31. Be4 Rc1 32. Qxc7 Re8 33. Kd2
$18) 31... Re8+ 32. Kf4 Rxb2 33. d6 Rd2 34. Qxa5 Rd4+ 35. Kg3 Rd3 36. Kf2 h6
37. Qb4 g5 38. Qb2 Re6 39. a4 $1 Bd7 40. a5 Bc6 41. Bxc6 bxc6 42. a6 Rh3 43.
Kg2 Rhe3 44. d7 1-0

[Event "Linares 19th"]
[Site "Linares"]
[Date "2002.02.28"]
[Round "5"]
[White "Kasparov, Garry"]
[Black "Adams, Michael"]
[Result "1-0"]
[WhiteElo "2838"]
[BlackElo "2742"]
[Annotator "Huzman,A"]
[PlyCount "93"]
[EventDate "2002.02.22"]
[EventType "tourn"]
[EventRounds "14"]
[EventCountry "ESP"]
[EventCategory "20"]
[SourceTitle "CBM 088"]
[Source "ChessBase"]
[SourceDate "2002.03.21"]
[SourceVersion "1"]
[SourceVersionDate "2002.03.21"]
[SourceQuality "1"]

1. e4 {Ftacnik} e5 2. Nf3 Nf6 3. Nxe5 d6 4. Nf3 Nxe4 5. d4 d5 6. Bd3 Nc6 7. O-O
Be7 8. c4 Nb4 9. Be2 O-O 10. a3 Nc6 11. cxd5 Qxd5 12. Nc3 Nxc3 13. bxc3 Bf5 14.
Re1 Rfe8 {Ftacnik: 'Black has no reason to brag about the result of the
opening phase, in the fight for an advantage white will have to rely on his
masterful handling of the middle game. '} (14... Bf6 15. Bf4 (15. Bf4 {1/2-1/2
Bezgodov,A-Motylev,A/Elista RUS 2001/(15)}) 15... Na5 (15... Qd7 16. Bd3 Bg6
17. Rb1 b6 18. Rb2 Bxd3 19. Qxd3 Rfe8 20. Rbe2 Rxe2 21. Qxe2 h6 22. h3 Be7 23.
Qe4 Rd8 24. c4 Bd6 25. d5 Na5 26. Bd2 Nb3 $11 {1/2-1/2 Nataf,I-Sakaev,K/Moscow
RUS 2001/ (34)}) (15... Rac8 16. Nd2 Na5 17. Bf3 Qd7 18. Ne4 Be7 19. Ng3 Bg6
20. Bg4 f5 21. Bf3 Bd6 22. Be5 Rfe8 23. Bxb7 Nxb7 24. Qb3+ Qf7 25. Qxb7 $16 {
1-0 Konguvel,P-Suvrajit,S/Calcutta 2002/CBM 88_01 (48)}) 16. Nd2 c5 17. Bf3 Qd8
18. Ne4 Bxe4 19. Rxe4 cxd4 20. cxd4 Nc6 21. Be3 Qd6 22. Rb1 Rad8 23. Qa4 b5 {
1/2-1/2 Short,N-Lalic,B/Port Erin HUN 1999 (23)}) (14... Rad8 15. c4 Qa5 $6 16.
Bd2 Qb6 17. Be3 Bf6 18. d5 Qb2 19. Bd3 Bxd3 $2 (19... Qxa1 $142) 20. Qxd3 b6 $4
21. Rab1 $18 {[ /\ Kd3-c4-b5 +- ] Pantaleoni L.. 1-0 Napoli Costa,A-Pantaleoni,
L/ITA corr 1991/CR97-91 (48)}) (14... Qd6 15. a4 Rfe8 16. Qb3 Bf6 17. Ba3 Qd7
18. Qxb7 Rab8 19. Qa6 Rb6 20. Qc4 Na5 21. Qa2 Be6 22. c4 Nb3 23. a5 Rbb8 24.
Rad1 Qa4 25. Bd3 Nxa5 26. d5 {1/2-1/2 Sutovsky,E-Schandorff,L/Esbjerg DEN 2001/
(26)}) 15. Bf4 Rac8 (15... Bd6 16. c4 Qe4 (16... Qa5 $2 {Ftacnik} 17. Bd2 Qb6
18. c5 $18) 17. Be3 (17. Bxd6 cxd6 18. Qd2 Qc2 (18... Rac8 {Ftacnik} 19. Rac1
$14) 19. Qxc2 Bxc2 $11) 17... Rad8 18. d5 $36) 16. c4 Qe4 17. Be3 (17. Qd2 Bf6
(17... Qc2 {Ftacnik} 18. Qxc2 Bxc2 19. d5 $14) 18. Rad1 Qc2 19. d5 Ne5 $11)
17... Bf6 18. Ra2 b6 (18... Rcd8 19. Rd2 $14 (19. d5 Ne5 20. Nxe5 (20. Nd2 {
Ftacnik} Qh4 $11) 20... Qxe5 $11) 19... Ne7 20. Qb3 b6 21. d5 $14) 19. h3 {
'!' Ftacnik.} Na5 (19... Rcd8 {Ftacnik} 20. Rd2 $14) 20. g4 {'!?' Ftacnik.
Ftacnik: 'Kasparov's style can be very aggressive, the mere mortals woud never
dare to play so daringly with pawns in front of the own king. '} (20. Bf1 {
Ftacnik} Qc6 21. d5 $14) 20... Bg6 (20... Bxg4 21. hxg4 Qxg4+ 22. Kh1 c5 23.
Nh2 $16) 21. g5 Be7 22. Ne5 Bd6 (22... Rcd8 23. Bf3 Qh4 (23... Qxe5 24. dxe5
Rxd1 25. Rxd1 Nxc4 26. Bf4 $16 {[%cal Gd1d7]}) 24. Bg4 $16 {[%csl Rh4]}) (22...
Bf5 $4 {Ftacnik} 23. Bd3 $18) 23. Nxg6 (23. Bf3 Qh4 24. Bg4 Bxe5 $8 25. Bxc8
Rxc8 26. dxe5 Qxh3 $44) (23. Bg4 {Ftacnik} Bf5 $1 $15) (23. Bd3 {Ftacnik} Qh4
24. Nxg6 hxg6 25. Qg4 Qxg4+ 26. hxg4 Rcd8 (26... Bf4 $5 $11 {Ftacnik}) 27. Rd1
Be7 $13) 23... hxg6 24. c5 (24. Bg4 Rcd8 (24... Nxc4 $5 25. Bxc8 Rxc8 $44 26.
Bc1 Qf5 27. Qb3 $16) 25. Qa4 {[%cal Gc4c5]} c5 (25... Qc6 $11 {Ftacnik}) 26.
Rae2 Qc6 $11) 24... Bf8 (24... bxc5 {Ftacnik} 25. dxc5 Bf4 26. Bf3 Qe5 $11) (
24... Bf4 {Ftacnik} 25. Bf3 Qf5 (25... Qe7 {Ftacnik} 26. Bg4 Rcd8 27. Rae2 Bxe3
28. Rxe3 Qf8 29. Qa4 $16) 26. Bg4 Qxg5 27. Bxf4 Qxf4 28. Bxc8 Rxc8 29. Qg4 $16)
25. Bg4 Rcd8 26. Rae2 Qd5 {Ftacnik: 'By the curious coincidence Linares saw
another game reaching this position. Black has slightly improved on the 5th
round and the players agreed to a draw. '} (26... Qc6 $1 27. cxb6 {1/2-1/2
Anand,V-Adams,M/Linares ESP 2002/(27)} (27. Qc2 {Ftacnik} bxc5 28. dxc5 Nb7 29.
Rc1 a6 $11)) (26... bxc5 $2 {Barsky,V} 27. Bd2 $18 {[%cal Gd2a5,Ge1e8]}) 27.
Bf4 {'!' Ftacnik.} Rxe2 28. Qxe2 c6 $2 (28... Qc6 $5 29. Bf3 Qd7 $11) (28...
Qxd4 {Ftacnik} 29. Bxc7 Rd5 (29... Bxc5 {Ftacnik} 30. Bxd8 Qxd8 31. Qe8+ Qxe8
32. Rxe8+ Kh7 33. a4 $16) 30. Bd6 Bxd6 (30... Rxd6 {Ftacnik} 31. cxd6 Qxd6 32.
Rc1 $16) 31. cxd6 Rxd6 32. Qe8+ Kh7 33. Qxf7 Qd5 $14) 29. Bc7 $1 Ra8 (29...
Qxg5 $6 {Ftacnik} 30. Bxd8 Qxd8 31. Qe8 $16) 30. Qe5 {'?!' Ftacnik.} (30. Qa6
$1 Qc4 (30... Qxd4 {Ftacnik} 31. cxb6 Bc5 32. Qxa5 Qxf2+ 33. Kh1 Bxb6 34. Bxb6
Qxb6 35. Qe5 $18) 31. Qxc4 (31. Bc8 $5 Qxd4 (31... Qxa6 32. Bxa6 $16) 32. cxb6
(32. Bxb6 Bxc5 33. Bxc5 Qxc5 34. h4 Rb8 $17) 32... Bc5 33. Re2 Nc4 $1 (33...
Bxb6 34. Bxb6 Qxb6 35. Re8+ Kh7 36. Qd3 $18 {[%csl Rh7]}) 34. b7 (34. Qa4)
34... Qd1+ 35. Kh2 Bd6+ (35... Qxe2 36. Qxc6 Ne3 37. bxa8=Q $1 (37. Qe8+ Kh7
38. Qxf7 Rb8 39. Bxb8 Nf1+ 40. Kg1 (40. Kh1 Bxf2 $19) 40... Ne3) 37... Qxf2+
38. Qg2 Nxg2 39. Qxg2 $18) 36. Bxd6 Qxd6+ 37. Kg2 Qd5+ 38. Kg3 (38. f3 Rb8 (
38... Qxg5+ 39. Kf1 Rb8 40. Qxc4 $18) 39. h4 Qc5) 38... Rb8 39. Qxa7 Qxg5+ 40.
Bg4 $16 Qd8 41. Kg2 Kh7 $13) 31... Nxc4 32. d5 {'!' Ftacnik.} cxd5 33. c6 Na5
34. Rc1 (34. Bd7 $2 {Ftacnik} Nxc6 35. Bxc6 Rc8 $17) 34... Bxa3 35. Rc2 Nc4 36.
Bg3 $16) 30... Qxe5 31. Rxe5 Nc4 (31... Nb3 32. d5 (32. cxb6 axb6 33. Bxb6 Ra6
$11) 32... Bxc5 (32... cxd5 {Ftacnik} 33. c6 Nd4 34. Bd7 Nb5 $19) 33. d6 (33.
dxc6 Nd4 34. Bd7 Nb5 (34... Nf3+ 35. Kg2 Nxe5 36. Bxe5 $16) 35. Rxc5 bxc5 36.
Bg3 a5 37. a4 Na7 38. c7 Nc8 39. Bc6 Ra7 40. Bd7 Ra8 $11) 33... Kf8 34. d7 Be7
$11) 32. d5 {[%mdl 512] '!' Ftacnik.} Nxe5 $2 {Ftacnik: 'Adams has certainly
experienced disbelieve, that white's concept might have been dangerous for him.
After his unfortunate mistake white's "c" pawn will turn into a superpower.'} (
32... f5 33. gxf6 Nxe5 34. Bxe5 gxf6 35. Be6+ Kg7 36. Bg3 Re8 37. Bd7 Re1+ 38.
Kg2 cxd5 39. c6 Bxa3 40. c7 Rc1 41. c8=Q Rxc8 42. Bxc8 $16) (32... cxd5 $1 33.
c6 Na5 $1 34. Rxd5 (34. Bd7 Nxc6 $1 35. Bxc6 (35. Rxd5 {Ftacnik} Na5 36. a4 $15
) 35... Rc8 36. Bxd5 Rxc7 37. Re8 $44) 34... Nxc6 35. Bd7 $44 Na5 36. a4 $15)
33. Bxe5 cxd5 (33... f5 34. gxf6 gxf6 35. Be6+ Kg7 36. Bg3 Re8 37. Bd7 Re1+ 38.
Kg2 cxd5 39. c6 Bxa3 40. c7 Rc1 41. c8=Q Rxc8 42. Bxc8 $18) (33... Re8 $5 34.
Bf4 (34. Bg3 {Ftacnik} f5 35. gxf6 gxf6 36. Bd7 Re1+ 37. Kg2 cxd5 38. c6 Bxa3
39. c7 Rc1 40. c8=Q+ Rxc8 41. Bxc8 Kf7 $14) 34... f5 (34... cxd5 35. c6 Bxa3
36. c7 Bc1 $5 37. Bxc1 Re1+ 38. Kg2 Rxc1 39. c8=Q+ Rxc8 40. Bxc8 $16) 35. gxf6
gxf6 36. dxc6 f5 37. Bf3 g5 38. Bxg5 Bxc5 39. Bf4 Kf8 40. c7 Ke7 41. Bb7 Kd7
42. a4 $16 {[%cal Gh3h8]}) 34. c6 f5 (34... Bxa3 35. c7 Be7 36. h4 f6 37. Be6+
Kf8 38. Bf4 $18) (34... d4 {Ftacnik} 35. c7 d3 36. Bf4 Bxa3 37. c8=Q+ Rxc8 38.
Bxc8 Bb4 39. Kf1 a5 40. Ba6 $16) 35. gxf6 gxf6 36. Be6+ {'!' Ftacnik.} Kg7 37.
Bg3 Bxa3 38. Bxd5 {'!' Ftacnik. Ftacnik: 'The promotion of the pawn on c8 can
be stopped only at a cost of a rook, the defender is simply doomed. '} Rc8 (
38... a5 39. c7 Rf8 40. Be6 $18) 39. c7 Bc5 40. Bb7 Rxc7 (40... Re8 {Ftacnik}
41. c8=Q Rxc8 42. Bxc8 $18) 41. Bxc7 a5 42. Bc6 g5 43. Kf1 Kg6 44. f3 Kh5 45.
Be8+ Kh6 (45... Kh4 46. Kg2 $18) 46. Ke2 f5 47. Bd8 1-0